| 000 | 01432cam a22003254a 4500 | ||
|---|---|---|---|
| 999 |
_c232441 _d232441 |
||
| 001 | 13043620 | ||
| 003 | ASAB | ||
| 005 | 20170216154824.0 | ||
| 008 | 021230s2003 nyua b 001 0 eng | ||
| 010 | _a 2002156643 | ||
| 020 | _a81-8189-018-3 | ||
| 040 |
_aDLC _cASAB _dDLC |
||
| 042 | _apcc | ||
| 050 | 0 | 0 |
_aSB317.S25 _bC76 2003 |
| 082 | 0 | 0 |
_a631.4/16 _221 |
| 245 | 0 | 0 |
_aCrop production in saline environments : _bglobal and integrative perspectives / _cSham S. Goyal, Surinder K. Sharma, D. William Rains, editors. |
| 260 |
_aNew York : _bFood Products Press, _c2003. |
||
| 300 |
_axiv, 427 p. : _bill. (some col.) ; _c23 cm. |
||
| 500 | _a"Perspectives has been co-published simultaneously as Journal of Crop Production, Volume 7, Numbers 1/2 (#13/14) 2003." | ||
| 504 | _aIncludes bibliographical references and index. | ||
| 650 | 0 | _aSalt-tolerant crops. | |
| 650 | 0 |
_aCrops _xEffect of salts on. |
|
| 650 | 0 | _aSoils, Salts in. | |
| 700 | 1 | _aGoyal, Sham S. | |
| 700 | 1 |
_aSharma, S. K., _d1952- |
|
| 700 | 1 | _aRains, D. W. | |
| 730 | 0 | _aJournal of crop production. | |
| 906 |
_a7 _bcbc _corignew _d1 _eecip _f20 _gy-gencatlg |
||
| 942 |
_2ddc _cBK |
||